000 00471nam a2200205Ia 4500
003 0100
008 130303s9999 xx 000 0 und d
020 _a0198238479
040 _cARRUPELIB
050 _aB765.T54K435 2002
100 _aKenny, Anthony
245 _aAquinas on being
260 _aOxford
260 _bClarendon Press
260 _C2002
300 _ax
300 _b 212p. 23 cm
650 _bCatholic Church and Democracy
942 _2lcc
_03
999 _c60918
_d60918